Očistka promyšlennych stočnych vod /
Gespeichert in:
| Hauptverfasser: | , |
|---|---|
| Format: | Buch |
| Sprache: | Russisch |
| Veröffentlicht: |
Kijev :
Budivelnik,
1986
|
| Tags: |
Keine Tags, Fügen Sie das erste Tag hinzu!
|
MARC
| LEADER | 00000nam a22000003a 4500 | ||
|---|---|---|---|
| 001 | stu14226 | ||
| 005 | 20150617225759.6 | ||
| 008 | 820409s1986----xxr-----------------rus-d | ||
| 040 | |a STU |b slo | ||
| 041 | 0 | |a rus | |
| 044 | |a xxr | ||
| 080 | |a 628.34 |7 stu_us_auth*stu5731 | ||
| 100 | 1 | |a Ternovcev, Vitalij Jemeljanovič |4 aut | |
| 245 | 1 | |a Očistka promyšlennych stočnych vod / |c [aut.]Ternovcev,Vitalij Jemeljanovič, Puchačev,Vladimir Michajlovič | |
| 260 | |a Kijev : |b Budivelnik, |c 1986 | ||
| 300 | |a 117 s : |b Tab.,grafy,lit | ||
| 700 | 1 | |a Puchačev, Vladimir Michajlovič |4 aut | |
| 996 | |b C89610 |c C*89610 |l CCVIIIA |s P |a 0 |w stu14226_0001 | ||
| 996 | |b C82080 |c C*82080 |l CCVIIIA |s P |a 0 |w stu14226_0002 | ||
| 996 | |b C83031 |c C*83031 |l CCXXVI |s P |a 0 |w stu14226_0003 | ||